Non-verbal reasoning : (Record no. 153432)

MARC details
000 -LEADER
fixed length control field 00688nam a22001817a 4500
005 - DATE AND TIME OF LATEST TRANSACTION
control field 20180705140446.0
010 ## - LCCN (DPL NO)
LC control number ENG-123387
020 ## - INTERNATIONAL STANDARD BOOK NUMBER
Terms of availability 185.00
International Standard Book Number 10HE000038
035 ## - SYSTEM CONTROL NUMBER
System control number EN-106919
037 ## - SOURCE OF ACQUISITION
Source of stock number/acquisition DBAD/PUB
082 ## - DEWEY DECIMAL CLASSIFICATION NUMBER
Classification number 000
100 ## - MAIN ENTRY--PERSONAL NAME
Personal name Srivastva, Vijay Shankar
245 00 - TITLE STATEMENT
Title Non-verbal reasoning :
Statement of responsibility, etc by Vijay Shankar Srivastva
Remainder of title useful for managment (CAT, MAT & Other), Railway Recruitment, SCRA, AFCAT, SSC (OGL, CHSL, CML), B.Ed., Police, JNV, IAS, PCS and other competitive exams./
260 ## - PUBLICATION, DISTRIBUTION, ETC. (IMPRINT)
Place of publication, distribution, etc New Delhi
Name of publisher, distributor, etc S. Chand and Company
Date of publication, distribution, etc 2017
270 ## - ADDRESS
Address 7361, Ram Nagar,
City New Delhi
Postal code 110055
300 ## - PHYSICAL DESCRIPTION
Extent 216 p.
Dimensions 27cm(pbk)
Other physical details ill.
942 ## - ADDED ENTRY ELEMENTS (KOHA)
Source of classification or shelving scheme Dewey Decimal Classification
Item type English Books
Call number suffix SRI
Classification part 000
Holdings
Withdrawn status Lost status Not for loan Collection code Home library Current library Date acquired Source of acquisition Cost, normal purchase price Full call number Barcode Copy number Cost, replacement price Koha item type
    Not For Loan Non-fiction D.B.Act.Division Bawana 05/07/2018 DBAD/PUB 185.00 000 SRI EN-106919 1 185.00 English Books

© Delhi Public Library
Hit Counter
free hit counter